| 000 | 01114nam0a2200313 4500 | ||
|---|---|---|---|
| 001 | RU\NLR\bibl\6358 | ||
| 005 | 20260406045436.0 | ||
| 010 |
_a5-7024-0736-9 _951000 |
||
| 021 |
_aRU _b98-6923 _9333 |
||
| 035 | _a(NLR Aleph) 000006188 | ||
| 090 |
_a18101 _c18101 |
||
| 100 | _a19981026d1998 |||y0rusy50 ca | ||
| 101 | 1 |
_arus _ceng |
|
| 102 | _aRU | ||
| 105 | _ay ||||||||| | ||
| 200 | 1 |
_aПонять и сохранить _eРоман _fАйра Уайз _g[Пер. c англ. Л.М.Данько] |
|
| 210 |
_aМ. _cРед. междунар. журн. "Панорама" _d1998 |
||
| 215 |
_a190 с. _d17 |
||
| 225 | 1 | _aПанорама романов о любви | |
| 311 | _aЛит.-худож. прил. к междунар. журн. "Панорама" | ||
| 422 | 0 |
_12001#$aПанорама _tПанорама |
|
| 686 | _aШ6(7США)67-440.4 | ||
| 700 | 1 |
_4070 _8rus _7ca _aУайз _bА. _gАйра _3RU\NLR\auth\775133 _9115101 |
|
| 801 | 0 |
_aRU _bNLR _c19981026 _gPSBO |
|
| 801 | 1 |
_aRU _bNLR _c19981026 |
|
| 852 |
_aNLR _j98-2/635 |
||
| 942 | _cBOOK | ||
| 980 | _aNB | ||